Представление документа в формате RUSMARC

ПолеНазваниеЗначение
  Тип записи a
  Библиографический уровень a
001 Контрольный номер RU/CBS_UL/BASE/ad3d0f77d7734ac8b50d4b645f6d1e3a
005 Дата корректировки 20240710224301.5
100 Данные общей обработки __
a Данные общей обработки 20240710 ||| 0rusy0189 ca
101 Язык документа 0_
a Язык текста rus
102 Страна публикации __
a Страна публикации RU
200 Заглавие и сведения об ответственности 1_
a Заглавие Жаклин Кеннеди - Никите Хрущёву: Скажите спасибо вашей жене за её слёзы
e Сведения, относящиеся к заглавию [об отношениях между СССР и США после убийства президента Д. Кеннеди]
f Первые сведения об ответственности Н. Пивоваров, О. Чагадаева, А. Попов
300 Общие примечания __
a Общие примечания 16+
320 Библиография __
a Библиография Библиогр.: с. 102
461 Уровень набора _0
1 2000
a Родина
463 Уровень физической единицы _0
1 2000
a № 11
v С. 98-102 : фот.
1 2101
d 2023
1 001RU/CBS_UL/BASE/aa159a031eed423f9cc0c498f874c03f
600 Персоналии _1
a Персоналии (Фамилия) Хрущёв
b Персоналии (Имя, инициалы) Н.С.
600 Персоналии _1
a Персоналии (Фамилия) Кеннеди
b Персоналии (Имя, инициалы) Дж.Ф.
600 Персоналии _1
a Персоналии (Фамилия) Кеннеди
b Персоналии (Имя, инициалы) Ж.
600 Персоналии _1
a Персоналии (Фамилия) Хрущёва
b Персоналии (Имя, инициалы) Н.П.
606 Тематические рубрики 0_
a Основная рубрика Советско-американские отношения - История - 20 в.
610 Ключевые слова 0_
a Ключевые слова государственные деятели
610 Ключевые слова 0_
a Ключевые слова политические деятели
610 Ключевые слова 0_
a Ключевые слова архивные документы
610 Ключевые слова 0_
a Ключевые слова президенты американские
610 Ключевые слова 0_
a Ключевые слова убийства политические
610 Ключевые слова 0_
a Ключевые слова убийство Джона Кеннеди
610 Ключевые слова 0_
a Ключевые слова смерть Д. Кеннеди
610 Ключевые слова 0_
a Ключевые слова история международных отношений
610 Ключевые слова 0_
a Ключевые слова советско-американские отношения
610 Ключевые слова 0_
a Ключевые слова американо-советские отношения
610 Ключевые слова 0_
a Ключевые слова шифртелеграммы
610 Ключевые слова 0_
a Ключевые слова общественное мнение
610 Ключевые слова 0_
a Ключевые слова Великая архивная революция
686 Индексы других классификаций __
2 Код системы rubbk
a Классификационный индекс 63.3(0)63
700 Автор _1
a Фамилия Пивоваров
b Имя (инициалы) Н.
701 Альтернативная интеллектуальная ответственность _1
a Фамилия Чагадаева
b Имя (инициалы) О.
701 Альтернативная интеллектуальная ответственность _1
a Фамилия Попов
b Имя (инициалы) А.
801 Источник записи _0
a Страна RU
b Организация МБУК ЦБС г. Ульяновска
c Дата составления 20240710
g Правила каталогизации RCR
801 Источник записи _1
a Страна RU
b Организация МБУК ЦБС г. Ульяновска
c Дата составления 20240710
g Правила каталогизации RCR
901 Тип документа __
t Тип документа b
w Контрольный № источника RU/CBS_UL/BASE/aa159a031eed423f9cc0c498f874c03f
909 Создатель записи __
a Создатель записи lib1